| 000 | 00564nam a2200181 a 4500 | ||
|---|---|---|---|
| 001 | 000032164 | ||
| 005 | 20200930063502.0 | ||
| 008 | 110713s1942 dr 000 p spa d | ||
| 040 |
_aDO-SdBNP _bspa _cBNPHU |
||
| 082 |
_axxx _bM843u |
||
| 100 | 1 |
_aMoreno Jimenes, Domingo, _d1894-1986 _919534 |
|
| 245 | 1 | 0 |
_aUn radio del espíritu / _cMoreno Jimenes. |
| 246 | 3 | 4 | _aEvangelio americano |
| 260 |
_aSantiago de los Caballeros, República Domincana : _bLibrería Dominicana, _c1942. |
||
| 300 |
_a[26] p. ; _c16 cm. |
||
| 740 | 0 | 2 | _aEvangelio americano |
| 049 | _aBNPD | ||
| 999 |
_c31655 _d31655 |
||